<?xml version="1.0" encoding="UTF-8"?>
<collection xmlns="http://www.loc.gov/MARC21/slim">
 <record>
  <leader>01738nam a2200229Ia 4500</leader>
  <controlfield tag="001">TDMU_21385</controlfield>
  <controlfield tag="008">210410s9999    xx            000 0 und d</controlfield>
  <datafield tag="082" ind1=" " ind2=" ">
   <subfield code="a">371.9</subfield>
  </datafield>
  <datafield tag="090" ind1=" " ind2=" ">
   <subfield code="b">L250</subfield>
  </datafield>
  <datafield tag="100" ind1=" " ind2=" ">
   <subfield code="a">Lê, Tiến Thành</subfield>
  </datafield>
  <datafield tag="245" ind1=" " ind2="0">
   <subfield code="a">Quản lí giáo dục hòa nhập Trẻ khuyết tật ở Tiểu học</subfield>
  </datafield>
  <datafield tag="245" ind1=" " ind2="0">
   <subfield code="b">Sách được biên soạn và in lần đầu với sự tài trợ của Tổ chức USAID và CRS tại Việt Nam</subfield>
  </datafield>
  <datafield tag="245" ind1=" " ind2="0">
   <subfield code="c">Lê Tiến Thành, Lê Văn Tạc, Trần Đình Thuận, Nguyễn Xuân Hải</subfield>
  </datafield>
  <datafield tag="260" ind1=" " ind2=" ">
   <subfield code="a">H.</subfield>
  </datafield>
  <datafield tag="260" ind1=" " ind2=" ">
   <subfield code="b">Giáo dục</subfield>
  </datafield>
  <datafield tag="260" ind1=" " ind2=" ">
   <subfield code="c">2008</subfield>
  </datafield>
  <datafield tag="300" ind1=" " ind2=" ">
   <subfield code="a">156tr.</subfield>
  </datafield>
  <datafield tag="520" ind1=" " ind2=" ">
   <subfield code="a">Gồm 5 phần. Phần mở đầu: Quan điểm chỉ đạo và định hướng của Bộ giáo dục và đào tạo về giáo dục hòa nhập trẻ khuyết tật đến năm 2010; Ph.1: Những vấn đề chung về giáo dục trẻ khuyết tật; Ph.2: Quản lí giáo dục hòa nhập trẻ khuyết tật; Ph.3: Quản lí sự hỗ trợ giáo dục hòa nhập trẻ khuyết tật; Ph.4: Nhiệm vụ và yêu cầu về năng lực của hiệu trưởng, giáo viên cốt cán, giáo viên phụ trách lớp trong quản lí giáo dục hòa nhập trẻ khuyết tật.; KHQL Giáo dục hòa nhập</subfield>
  </datafield>
  <datafield tag="650" ind1=" " ind2=" ">
   <subfield code="a">Giáo dục tiểu học</subfield>
   <subfield code="x">Trẻ khuyết tật; Giáo dục hòa nhập</subfield>
   <subfield code="x">Trẻ khuyết tật</subfield>
   <subfield code="x">quản lí</subfield>
  </datafield>
  <datafield tag="700" ind1=" " ind2=" ">
   <subfield code="a">Lê, Văn Tạc</subfield>
  </datafield>
  <datafield tag="856" ind1=" " ind2=" ">
   <subfield code="u">http://lrc.tdmu.edu.vn/opac/search/detail.asp?aID=2&amp;ID=21385</subfield>
  </datafield>
  <datafield tag="980" ind1=" " ind2=" ">
   <subfield code="a">Trung tâm Học liệu Trường Đại học Thủ Dầu Một</subfield>
  </datafield>
 </record>
</collection>
